|
|
|
|
| LEADER |
04616nam a22003973i 4500 |
| 001 |
EBC7101206 |
| 003 |
MiAaPQ |
| 005 |
20240729202204.0 |
| 006 |
m o d | |
| 007 |
cr cnu|||||||| |
| 008 |
240729s2014 xx o ||||0 ger d |
| 020 |
|
|
|a 9783428572663
|q (electronic bk.)
|
| 020 |
|
|
|z 9783428172665
|
| 035 |
|
|
|a (MiAaPQ)EBC7101206
|
| 035 |
|
|
|a (Au-PeEL)EBL7101206
|
| 035 |
|
|
|a (OCoLC)1348481173
|
| 040 |
|
|
|a MiAaPQ
|b eng
|e rda
|e pn
|c MiAaPQ
|d MiAaPQ
|
| 100 |
1 |
|
|a Socialpolitik, Verein für.
|
| 245 |
1 |
4 |
|a Die Haftpflichtfrage :
|b Gutachten und Berichte Veröffentlicht Vom Verein Für Socialpolitik. (Schriften des Vereins Für Socialpolitik XIX).
|
| 250 |
|
|
|a 1st ed.
|
| 264 |
|
1 |
|a Berlin :
|b Duncker & Humblot,
|c 2014.
|
| 264 |
|
4 |
|c {copy}1880.
|
| 300 |
|
|
|a 1 online resource (177 pages)
|
| 336 |
|
|
|a text
|b txt
|2 rdacontent
|
| 337 |
|
|
|a computer
|b c
|2 rdamedia
|
| 338 |
|
|
|a online resource
|b cr
|2 rdacarrier
|
| 490 |
1 |
|
|a Duncker and Humblot Reprints Series
|
| 505 |
0 |
|
|a Intro -- Vorrede. -- Inhalt. -- Adolf Held. Von Prof. Dr. Erwin Nasse in Bonn. -- Verzeichniß der Schriften, welche Dr. Adolf Held veröffentlicht hat. -- I. Selbstständige Publikationen. -- II. In Zeit- und Sammelschriften veröffentlichte Arbeiten. -- I. Gutachten über die Haftpflichtfrage beim Betriebe gewerblicher Unternehmungen nach österreichischem Rechte. Von Professor Dr. Randa und Dozent Dr. A. Braf in Prag. -- II. Die Haftpflicht gewerblicher Unternehmer nach englischem Recht. Von B. von Bojanowski in London. -- 1. Die Haftpflicht nach gemeinem Recht. -- 2. Beabsichtigte Aenderungen. -- 3. Meldung von Unfällen, hygienische und Schutzvorschriften. -- A. Anzeige von Unfällen. -- B. Hygienische und Schutzvorschriften. -- a) Hygienische Vorschriften. -- b) Schutzvorschriften. -- III. Ueber Haftpflichtgesetzgebung in Belgien. Von Professor M. van der Rest in Brüssel, aus dem Manuscript übersetzt von Dr. phil. Louis Erhardt. -- IV. Ueber Haftpflichtgesetzgebung im Königreich der Niederlande. Von Dr. A. Kerdijk (Delft). -- V. Die Grundsätze des französischen Rechts über Haftpflicht. Vom Senatspräsident Petersen in Colmar. -- I. -- 1. -- 2. -- II. -- III. -- VI. Die Haftpflichtfrage nach dem in der Schweiz geltenden Rechte. Von Prof. F. v. Wyß in Basel. -- 1. Aufgabe und Gang des Referates. -- I. Die einschlagenden Satzungen des allgemeinen Civilrechtes -- 2. Quellenübersicht. -- 3. Die Kodifikationen der romanischen Schweiz. -- 4. Die Kodifikation von 4 deutschen Kantonen der West- und Centralschweiz. -- 5. Die Kodifikation von 3 Kantonen der Ostschweiz. -- 6. Die Kantone ohne kodifizirtes Civilrecht. -- 7. Der Entwurf eines gemein schweizerischen Obligationenrechtes. -- II. Spezialgesetzliche Bestimmungen über die Haftpflicht. -- 8. Allgemeines. -- 9. Die Haftpflicht der öffentlichen Verkehrsanstallen.
|
| 505 |
8 |
|
|a 10. Die Haftpflicht aus Fabrikbetrieb. -- VII. Das Recht der Vereinigten Staaten in Bezug auf die Haftpflicht von Unternehmern für Verletzungen ihrer Arbeiter. Von Dr. John H. Whiting, übersetzt von Dr. Henry W. Farnam. -- VIII. Zur Fortbildung des Haftpflichtgesetzes vom 7. Juni 1871. Von Dr. I. Baron, ordentl. Prof, der Rechte in Greifswald. -- I. Haftung für fremde Schuld. -- II. Haftung für Zufall. -- Anhang. -- 1. Nachtrag zu dem Aufsatze: Die Haftpflicht nach englischem Rechte. -- 1. Verbesserung der Rechtsvorschriften. -- 2. Ausnahmen in Ansehung der verbesserten Rechtsvorschriften. -- 3. Abgrenzung der als Schadensersatz einziehbaren Summe. -- 4. Frist zu Einziehung des Schadensbetrages. -- 5. Strafgelder können von Entschädigungsgeldern nach Maßgabe dieses Gesetzes in Abzug gebracht werden. -- 6. -- 7. Verfahren bei der Zustellung von Anzeigen betreffs Beschädigungen. -- 8. Begriffserläuterungen. -- 9. Beginn der Wirksamkeit des Gesetzes. -- 10. Abgekürzter Titel. -- 2. Bericht über verschiedene Ansichten, betr. die Haftpflichtfrage. Von A. Held.
|
| 588 |
|
|
|a Description based on publisher supplied metadata and other sources.
|
| 590 |
|
|
|a Electronic reproduction. Ann Arbor, Michigan : ProQuest Ebook Central, 2024. Available via World Wide Web. Access may be limited to ProQuest Ebook Central affiliated libraries.
|
| 655 |
|
4 |
|a Electronic books.
|
| 776 |
0 |
8 |
|i Print version:
|a Socialpolitik, Verein für
|t Die Haftpflichtfrage
|d Berlin : Duncker & Humblot,c2014
|z 9783428172665
|
| 797 |
2 |
|
|a ProQuest (Firm)
|
| 830 |
|
0 |
|a Duncker and Humblot Reprints Series
|
| 856 |
4 |
0 |
|u https://ebookcentral.proquest.com/lib/matrademy/detail.action?docID=7101206
|z Click to View
|